00433nam a2200133Ia 4500008004100000020000600041082001500047245004000062260003100102300001100133942004600144952009400190999001500284250525s9999 xx 000 0 und d a0 a297.382MOO 0aNamaadhu rakkahtherika maaisihhathu a"Male', Maldives"b-c1994 a162 p. h297.382iMOOcAD6297_382000000000000_MOO 93281aKFPLbKFPLcDHId2025-05-25l0o297.382MOOpKL-2024-000644r2025-05-25 13:42:47yAD c2873d2873